000 01339cam a22003617a 4500
003 CHAP
005 20220817043127.0
008 971013s1988 it r 00010 spa d
010 _a66350
011 _a67322
035 _a76792
040 _cCHAP
082 _a630.3
_bF21 1988 v.27/4
110 _aFAO
245 1 0 _aSiglas empleadas por la FAO para organizaciones internacionales, congresos, comisiones, comités, etc.
250 _aed. rev.
260 _aRoma :
_bFAO,
_c1988
300 _a205 P.
490 0 _aBoletín de terminología
_v; 27/rev.4
500 _aTrilingüe (inglés, francés, español)
590 _aBATCH-UPD
_b10
_c20130110
_lUCH01
_h1352
590 _aBATCH-UPD
_b10
_c20130410
_lUCH01
_h0848
590 _aBATCH-UPD
_b10
_c20130914
_lUCH01
_h0653
590 _aCONVERSION
_b10
_c20130109
_lUCH01
_h1337
650 1 4 _aInstituciones científicas
_xSiglas.
_958979
650 1 4 _aOrganismos internacionales.
_983520
830 0 _aBoletín de terminología
_v; 27/rev.4
_913539
901 _aBK
942 _cLIBRO
949 _a630.3 F21 1988 v.27/4
_bBC
_cFAO
_d33724002252900
_eFAO2
_fc.3
_gDonaciØn
_h74397
_i76792
_sb
949 _a630.3 F21 1988 v.27/4
_bBC
_cFAO
_d33724002252941
_eFAO2
_fc.2
_gDonaciØn
_h74397
_i76792
_si
949 _a630.3 F21 1988 v.27/4
_bBC
_cFAO
_d33724002252983
_eFAO1
_gDonaciØn
_h74387
_i76792
_si
999 _c66350
_d66350